| 000 | 00981nam a2200253 u 4500 | ||
|---|---|---|---|
| 001 | 000025220 | ||
| 005 | 20200930023635.0 | ||
| 008 | 110211s1996 mx r 001 0 spa d | ||
| 020 | _a9706370528 | ||
| 040 |
_aDO-SdBNP _bspa _cBNPHU |
||
| 041 | 1 | 7 |
_aspa _heng _2Código de idiomas MARC |
| 082 |
_ann* _bnn* |
||
| 100 | 1 |
_aBlechman, Barry M. _951694 |
|
| 240 | 1 | 4 |
_aThe politics of national security: Congress and U.S. Defense Policy. _lEspañol |
| 245 | 1 | 0 |
_aPolítica y seguridad nacional / _cBarry M. Blechman ; traducción de Ana Isabel Stellino. |
| 260 |
_aMéxico, D. F. : _bGernika, _c1996. |
||
| 300 |
_a374 p ; _c21 cm. |
||
| 490 | 1 |
_aCiencias políticas. _v31 |
|
| 534 |
_aTítulo original en inglés : _tThe politics of national security: Congress and U.S. Defense Policy |
||
| 500 | _aIncluye referencias bibliográficas y notas al pie de las páginas. | ||
| 700 | 1 |
_aStellino, Ana Isabel, _etr. _96685 |
|
| 830 | 0 |
_aCiencias políticas. _v31 _948695 |
|
| 049 | _aBNGR | ||
| 999 |
_c24713 _d24713 |
||